Crónicas de una guerra
Uloženo v:
| Hlavní autor: | |
|---|---|
| Médium: | Kniha |
| Jazyk: | španělština |
| Vydáno: |
Buenos Aires
Ágora
1959
|
| Témata: | |
| Tagy: |
Přidat tag
Žádné tagy, Buďte první, kdo vytvoří štítek k tomuto záznamu!
|
MARC
| LEADER | 00000nam a22000005a 4500 | ||
|---|---|---|---|
| 003 | CL-ChBUA | ||
| 005 | 20120815091523.0 | ||
| 008 | 081110s1959 ag ||||| |||| 000 ||spa | ||
| 040 | |a CL-ChBUA |c CL-ChBUA | ||
| 082 | 0 | 0 | |a 973 |
| 090 | |c 23623 |d 23623 | ||
| 100 | 1 | |a Catton, Bruce | |
| 245 | 1 | 0 | |a Crónicas de una guerra |
| 260 | |a Buenos Aires |b Ágora |c 1959 | ||
| 300 | |a 123 p. |c 15 cm. | ||
| 504 | |a Indice, il. | ||
| 650 | 4 | |a ESTADOS UNIDOS - GUERRAS | |
| 942 | |c LIB | ||
| 952 | |0 0 |1 0 |4 0 |7 0 |9 57947 |a UNACH |b UNACH |c 900 |d 2008-11-10 |i 9.947 |l 2 |o 973 / C 366 |p 59033 |r 2016-06-21 00:00:00 |s 2016-06-20 |u 57947 |w 2012-08-08 |y LIB |k 973 / C 366 | ||
| 999 | |c 23623 |d 23623 | ||